000 00357nam a2200097Ia 4500
008 220120s9999||||xx |||||||||||||| ||und||
100 _aDeepaka, Gururprasad, Bindusagar and Mahadevaswamy
_912310
245 0 _aWireless network based tracking and monitoring of constructi
260 _aCoorg Institute of Technology
_bPonnampet
_c2011
650 _aCOMPUTER SCIENCE
999 _c137896
_d137896